000 00586nam a22002057a 4500
003 DO-SdBNP
005 20171124144838.0
008 171124b 1966 spa |||| 00| 0 spa d
020 _a8429302212
040 _aBPMSU
_bspa
_cBPMSU
082 _axxxxx
_bxxxxx
100 1 _aSchökel, Luis Alonso
245 1 3 _aLa formación del estilo :
_blibro del alumno /
_cLuis Alonso Schökel
250 _a6a ed.
260 _aEspaña :
_bSal Terrae,
_c1966.
300 _a399 p. ;
_c22 cm.
942 _2ddc
_cBK
945 _aInventariado extranjero / 2017 BT
956 _aBTAVAREZ
_b10
_c20171124
_d0038
999 _c13100
_d13100